Państwa, które eksportują najwięcej piłkarzy - Statystyki

Ogólne statystyki
  • Ten quiz został rozwiązany 79 razy
  • Średni wynik to 11 z 15
Statystyki odpowiedzi
# Piłkarzy Państwo % Poprawnych
1289 Brazylia
99%
905 Argentyna
96%
1033 Francja
95%
458 Hiszpania
94%
446 Niemcy
94%
339 Portugalia
92%
346 Holandia
79%
277 Belgia
75%
535 Anglia
73%
448 Kolumbia
73%
407 Chorwacja
65%
338 Urugwaj
64%
380 Serbia
55%
385 Nigeria
53%
318 Ghana
32%
Nie znaleziono quizów pasujących do podanych kryteriów
Rozkład punktacji
Procent ludzi z każdym wynikiem
Percentyl według liczby udzielonych odpowiedzi
Twoja historia wyników
Nie rozwiązałeś tego quizu